| 000 -LEADER |
| fixed length control field |
00479nam a22001691a 4500 |
| 020 ## - INTERNATIONAL STANDARD BOOK NUMBER |
| International Standard Book Number |
9780192801975 |
| 082 ## - DEWEY DECIMAL CLASSIFICATION NUMBER |
| Classification number |
193.092 |
| Item number |
PET/H |
| 100 ## - MAIN ENTRY--PERSONAL NAME |
| Personal name |
Peter Singer |
| 9 (RLIN) |
144211 |
| 245 ## - TITLE STATEMENT |
| Title |
Hegel: |
| Remainder of title |
a very short introduction/ |
| Statement of responsibility, etc. |
by Peter Singer |
| 260 ## - PUBLICATION, DISTRIBUTION, ETC. |
| Place of publication, distribution, etc. |
New Delhi: |
| Name of publisher, distributor, etc. |
Oxford University Press, |
| Date of publication, distribution, etc. |
2001. |
| 300 ## - PHYSICAL DESCRIPTION |
| Extent |
131p. |
| 650 ## - SUBJECT ADDED ENTRY--TOPICAL TERM |
| Topical term or geographic name entry element |
Biography Hegel |
| 9 (RLIN) |
144212 |
| 650 ## - SUBJECT ADDED ENTRY--TOPICAL TERM |
| Topical term or geographic name entry element |
Biography |
| 9 (RLIN) |
144213 |
| 650 ## - SUBJECT ADDED ENTRY--TOPICAL TERM |
| Topical term or geographic name entry element |
Biography Philosopher |
| 9 (RLIN) |
144214 |
| 650 ## - SUBJECT ADDED ENTRY--TOPICAL TERM |
| Topical term or geographic name entry element |
Philosophy |
| 9 (RLIN) |
144215 |
| 942 ## - ADDED ENTRY ELEMENTS (KOHA) |
| Koha item type |
Book |